000 01086nam a22003131 4500
001 16272
003 BD-RjUL
005 20211209000005.0
008 140213s1948 nyuaf b 000 0 eng
035 _a(BD-RjUL)16327
035 _a(OCoLC)466276
040 _aDLC
_cOAU
_dNBrockU
_dBD-RjUL
_beng
041 _aeng
082 _a792
_bGAP 1948
100 1 _aGassner, John,
_d1903-1967.
_950316
245 1 0 _aProducing the play /
_cby John Gassner ... with the New scene technician's handbook, by Philip W. Barber.
260 _aNew York :
_bThe Dryden Press ,
_cc1948.
300 _axxvii, 744 p. :
_bincl. front., illus. plates, diagrs. ;
_c22 cm.
504 _a"Selective bibliography for the student": p. 5-10.
650 0 _aTheater
_xProduction and direction.
_950317
650 0 _aActing.
_949089
650 0 _aTheaters.
_950318
650 0 _aTheaters
_xStage-setting and scenery.
_950319
650 0 _aDrama.
_92066
700 1 _aBarber, Philip Willson,
_d1903-
_tNew scene technician's handbook.
_950320
942 _2ddc
_cBK
999 _c16272
_d16272